| 000 | 01035cam a22003011 4500 | ||
|---|---|---|---|
| 001 | 76392 | ||
| 003 | BD-RjUL | ||
| 005 | 20211209082832.0 | ||
| 008 | 191201s1965 xx a 001 0 eng | ||
| 035 | _a(BD-RjUL)76613 | ||
| 040 |
_aDLC _cFO _dDLC _beng |
||
| 041 | _aeng | ||
| 042 | _apremarc | ||
| 082 |
_a915.456 _223 _bHUD 1965 |
||
| 100 | 1 |
_aHürlimann, Martin, _d1897-1984. _9235786 |
|
| 245 | 1 | 0 |
_aDelhi, Agra, Fatehpur Sikri./ _c[Trans. from the German by Jean Carroll and Isobel Hatton] Martin Hurlimann |
| 260 |
_aLondon : _bThames and Hudson , _c[1965]1968 |
||
| 300 |
_a150 p.: _billus. (part col.) maps. plans.; _c26 cm. |
||
| 490 | 0 | _aA Studio book | |
| 504 | _aBibliography: p. 149. | ||
| 651 | 0 |
_aDelhi (India) _xDescription and travel. _9235787 |
|
| 651 | 0 |
_aAgra (India) _xDescription and travel. _9235788 |
|
| 651 | 0 |
_aFatehpur Sikri (India) _xDescription and travel. _9235789 |
|
| 906 |
_a7 _bcbc _coclcrpl _du _encip _f19 _gy-gencatlg |
||
| 942 |
_2ddc _cBK |
||
| 999 |
_c76392 _d76392 |
||